[Event "Barcelona Torxa op 2nd"]
[Site "Barcelona"]
[Date "2009.09.09"]
[Round "7"]
[White "Losada Montraveta, David"]
[Black "Prats Safont, Aimar"]
[Result "0-1"]
[WhiteElo "1700"]
[BlackElo "1700"]
[PlyCount "52"]
[EventDate "2009.09.01"]
[EventType "swiss"]
[EventRounds "7"]
[EventCountry "ESP"]
[SourceTitle "EXT 2024"]
[Source "ChessBase"]
[SourceDate "2023.10.10"]
[SourceVersion "1"]
[SourceVersionDate "2023.10.10"]
[SourceQuality "1"]

1. e4 e5 2. Nf3 Nc6 3. Nc3 Bc5 4. Bc4 Nf6 5. 0-0 0-0 6. d3 d6 7. h3 h6 8. Qd2 Be6 9. Bxe6 fxe6 10. Qe1 Qe8 11. Bd2 Qg6 12. g3 Bb4 13. Rd1 Bxc3 14. Bxc3 d5 15. Bxe5 dxe4 16. dxe4 Nxe4 17. Qe3 Rad8 18. Rxd8 Rxd8 19. Bxc7 Rd7 20. Be5 Rd8 21. Nh4 Qg5 22. Qf3 Qxe5 23. Ng6 Qd5 24. b4 Nd2 25. Qg2 Nxf1 26. Kxf1 Qd1# 0-1

[Event "Barcelona Torxa op 2nd"]
[Site "Barcelona"]
[Date "2009.09.08"]
[Round "6"]
[White "Herrera Vargas, Carlo Esteban"]
[Black "Prats Safont, Aimar"]
[Result "0-1"]
[WhiteElo "1700"]
[BlackElo "1700"]
[PlyCount "58"]
[EventDate "2009.09.01"]
[EventType "swiss"]
[EventRounds "7"]
[EventCountry "ESP"]
[SourceTitle "EXT 2024"]
[Source "ChessBase"]
[SourceDate "2023.10.10"]
[SourceVersion "1"]
[SourceVersionDate "2023.10.10"]
[SourceQuality "1"]

1. e4 e5 2. Nf3 Nc6 3. Bc4 Bc5 4. Ng5 Qxg5 5. d3 Qe7 6. 0-0 d6 7. Be3 Bxe3 8. fxe3 Qg5 9. Bxf7+ Kd8 10. Bxg8 Rxg8 11. Nd2 Qxe3+ 12. Kh1 Qh6 13. Rf2 Re8 14. Qe2 Nd4 15. Qf1 Nxc2 16. Rd1 Ne3 17. Qe1 Nxd1 18. Qxd1 Be6 19. Nc4 b5 20. Na5 Bxa2 21. Nc6+ Kd7 22. Nb4 Be6 23. Rf1 a5 24. Nd5 Kc6 25. Qb3 a4 26. Qb4 Rf8 27. Qc3+ Kd7 28. Qxc7+ Ke8 29. Qb7 Rxf1# 0-1